Central Library OPAC University of Rajshahi

Science looks at smoking : (Record no. 12696)

MARC details
000 -LEADER
fixed length control field 00727nam a22002411 4500
001 - CONTROL NUMBER
control field 12696
003 - CONTROL NUMBER IDENTIFIER
rucl marc code BD-RjUL
005 - DATE AND TIME OF LATEST TRANSACTION
control field 20211208235337.0
008 - FIXED-LENGTH DATA ELEMENTS--GENERAL INFORMATION
fixed length control field 140129s1957 nyu 000 0 eng d
035 ## - SYSTEM CONTROL NUMBER
System control number (BD-RjUL)12746
040 ## - CATALOGING SOURCE
Original cataloging agency DLC/ICU
Transcribing agency ICU
Modifying agency DLC
-- (BD-RjUL)
Language of cataloging eng
041 ## - LANGUAGE CODE
Language code of text/sound track or separate title eng
082 00 - DEWEY DECIMAL CLASSIFICATION NUMBER
Classification number 613.84
Author mark and year NOS 1957
100 1# - MAIN ENTRY--PERSONAL NAME
Personal name Northrup, Eric.
9 (RLIN) 39532
245 10 - TITLE STATEMENT
Title Science looks at smoking :
Remainder of title a new inquiry into the effects of smoking on your health /
Statement of responsibility, etc. by Harry S.N. Greene.
260 ## - PUBLICATION, DISTRIBUTION, ETC. (IMPRINT)
Place of publication, distribution, etc. New York :
Name of publisher, distributor, etc. Coward-McCann ;
Date of publication, distribution, etc. c1957
300 ## - PHYSICAL DESCRIPTION
Pagination 190 p. ;
Size 22 cm.
650 #0 - SUBJECT ADDED ENTRY--TOPICAL TERM
Topical term or geographic name as entry element Smoking.
9 (RLIN) 39533
Topical term or geographic name as entry element Tobacco
General subdivision Physiological effect.
9 (RLIN) 39534
942 ## - ADDED ENTRY ELEMENTS (KOHA)
Source of classification or shelving scheme Dewey Decimal Classification
Koha item type Books
Holdings
Lost status Source of classification or shelving scheme Damaged status Not for loan Collection code Permanent Location Current Location Shelving location Date acquired Source of acquisition Total Checkouts Full call number Date last seen Copy number Koha item type
  Dewey Decimal Classification   Not For Loan Non-fiction Central Library, University of Rajshahi Central Library, University of Rajshahi Reading Room 30/06/1961 Asia foundation Gift   613.84 NOS 1957 29/01/2014 C-1 Books